Statystyki dla Nazwy liderów państw i grup

Kliknij tutaj aby rozwiązać quiz!

Ogólne statystyki

  • Ten quiz został rozwiązany 29 razy
  • Średni wynik to 14 z 25

Statystyki odpowiedzi

GrupaLider% Poprawnych
Kościół KatolickiPapież
100%
Stany Zjednoczone AmerykiPrezydent
100%
Współczesne NiemcyKanclerz
96%
Rosja, przed 1918Car
92%
Cesarstwo RzymskieCesarz
92%
Starożytny EgiptFaraon
88%
Szef rząduPremier
88%
MiastoBurmistrz
84%
KsięstwoKsiąże
84%
StatekKapitan
80%
Diecezja KatolickaBiskup
68%
Stan USAGubernator
64%
MongoliaChan
60%
Nazistowskie NiemcyFührer
52%
Imperium OsmańskieSułtan
52%
Republika rzymska (współrządzący)Konsul
32%
Cerkiew prawosławnaPatriarcha
28%
Republika WeneckaDoża
24%
KlasaGospodarz
24%
Iran, przed 1979Szach
24%
Niemcy lub Austria, przed 1918Kaiser
20%
ZarządPrzewodniczący
16%
Japonia (dyktator wojskowy, przed 1867)Siogun
16%
Kolonia HiszpańskaWicekról
16%
Faszystowskie WłochyWódz
4%

Rozkład punktacji

Percentyl według liczby udzielonych odpowiedzi

Procent ludzi z każdym wynikiem

Twoja historia wyników

Nie rozwiązałeś tego quizu